<?xml version="1.0" encoding="UTF-8"?>
<record
    xmlns:xsi="http://www.w3.org/2001/XMLSchema-instance"
    xsi:schemaLocation="http://www.loc.gov/MARC21/slim http://www.loc.gov/standards/marcxml/schema/MARC21slim.xsd"
    xmlns="http://www.loc.gov/MARC21/slim">

  <leader>00426nam a22001697a 4500</leader>
  <datafield tag="999" ind1=" " ind2=" ">
    <subfield code="c">6419</subfield>
    <subfield code="d">6417</subfield>
  </datafield>
  <controlfield tag="005">20210904113624.0</controlfield>
  <controlfield tag="008">200522b        xxu||||| |||| 00| 0 eng d</controlfield>
  <datafield tag="020" ind1=" " ind2=" ">
    <subfield code="a">9780195632057</subfield>
  </datafield>
  <datafield tag="041" ind1=" " ind2=" ">
    <subfield code="a">eng</subfield>
  </datafield>
  <datafield tag="082" ind1=" " ind2=" ">
    <subfield code="a">340.1 GAL</subfield>
  </datafield>
  <datafield tag="100" ind1=" " ind2=" ">
    <subfield code="a">Galanter, Marc</subfield>
    <subfield code="9">5731</subfield>
  </datafield>
  <datafield tag="245" ind1=" " ind2=" ">
    <subfield code="a">Law and Society in Modern India</subfield>
  </datafield>
  <datafield tag="260" ind1=" " ind2=" ">
    <subfield code="a">New Delhi</subfield>
    <subfield code="b">Oxford University Press</subfield>
    <subfield code="c">1989</subfield>
  </datafield>
  <datafield tag="300" ind1=" " ind2=" ">
    <subfield code="a">329p., xcix</subfield>
  </datafield>
  <datafield tag="650" ind1=" " ind2=" ">
    <subfield code="a">LAW</subfield>
    <subfield code="9">5701</subfield>
  </datafield>
  <datafield tag="942" ind1=" " ind2=" ">
    <subfield code="c">BK</subfield>
  </datafield>
  <datafield tag="952" ind1=" " ind2=" ">
    <subfield code="0">0</subfield>
    <subfield code="1">0</subfield>
    <subfield code="4">0</subfield>
    <subfield code="7">0</subfield>
    <subfield code="8">REF</subfield>
    <subfield code="a">JRU</subfield>
    <subfield code="b">JRU</subfield>
    <subfield code="c">SHELF-1-D</subfield>
    <subfield code="d">2020-06-03</subfield>
    <subfield code="e">PURCHASE</subfield>
    <subfield code="g">445.00</subfield>
    <subfield code="l">0</subfield>
    <subfield code="o">340.1 GAL</subfield>
    <subfield code="p">24334</subfield>
    <subfield code="r">2020-05-22 00:00:00</subfield>
    <subfield code="w">2020-06-03</subfield>
    <subfield code="y">BK</subfield>
  </datafield>
  <datafield tag="952" ind1=" " ind2=" ">
    <subfield code="0">0</subfield>
    <subfield code="1">0</subfield>
    <subfield code="4">0</subfield>
    <subfield code="7">0</subfield>
    <subfield code="8">LAW</subfield>
    <subfield code="a">JRU</subfield>
    <subfield code="b">JRU</subfield>
    <subfield code="c">SHELF-30-A</subfield>
    <subfield code="d">2020-06-03</subfield>
    <subfield code="e">PURCHASE</subfield>
    <subfield code="g">445.00</subfield>
    <subfield code="l">0</subfield>
    <subfield code="o">340.1 GAL</subfield>
    <subfield code="p">24335</subfield>
    <subfield code="r">2020-05-22 00:00:00</subfield>
    <subfield code="w">2020-06-03</subfield>
    <subfield code="y">BK</subfield>
  </datafield>
  <datafield tag="952" ind1=" " ind2=" ">
    <subfield code="0">0</subfield>
    <subfield code="1">0</subfield>
    <subfield code="4">0</subfield>
    <subfield code="7">0</subfield>
    <subfield code="8">LAW</subfield>
    <subfield code="a">JRU</subfield>
    <subfield code="b">JRU</subfield>
    <subfield code="c">SHELF-30-A</subfield>
    <subfield code="d">2020-06-03</subfield>
    <subfield code="e">PURCHASE</subfield>
    <subfield code="g">445.00</subfield>
    <subfield code="l">0</subfield>
    <subfield code="o">340.1 GAL</subfield>
    <subfield code="p">24336</subfield>
    <subfield code="r">2020-05-22 00:00:00</subfield>
    <subfield code="w">2020-06-03</subfield>
    <subfield code="y">BK</subfield>
  </datafield>
  <datafield tag="952" ind1=" " ind2=" ">
    <subfield code="0">0</subfield>
    <subfield code="1">0</subfield>
    <subfield code="4">0</subfield>
    <subfield code="7">0</subfield>
    <subfield code="8">LAW</subfield>
    <subfield code="a">JRU</subfield>
    <subfield code="b">JRU</subfield>
    <subfield code="c">SHELF-30-A</subfield>
    <subfield code="d">2020-06-03</subfield>
    <subfield code="e">PURCHASE</subfield>
    <subfield code="g">445.00</subfield>
    <subfield code="l">0</subfield>
    <subfield code="o">340.1 GAL</subfield>
    <subfield code="p">24337</subfield>
    <subfield code="r">2020-05-22 00:00:00</subfield>
    <subfield code="w">2020-06-03</subfield>
    <subfield code="y">BK</subfield>
  </datafield>
  <datafield tag="952" ind1=" " ind2=" ">
    <subfield code="0">0</subfield>
    <subfield code="1">0</subfield>
    <subfield code="4">0</subfield>
    <subfield code="7">0</subfield>
    <subfield code="8">LAW</subfield>
    <subfield code="a">JRU</subfield>
    <subfield code="b">JRU</subfield>
    <subfield code="c">SHELF-30-A</subfield>
    <subfield code="d">2020-06-03</subfield>
    <subfield code="e">PURCHASE</subfield>
    <subfield code="g">445.00</subfield>
    <subfield code="l">0</subfield>
    <subfield code="o">340.1 GAL</subfield>
    <subfield code="p">24338</subfield>
    <subfield code="r">2020-05-22 00:00:00</subfield>
    <subfield code="w">2020-06-03</subfield>
    <subfield code="y">BK</subfield>
  </datafield>
</record>
